Sudoku puzzles : #1

Bibliographic Details
Main Author: Carey, Robert Craig
Format: Book
Published: London : Simon and Schuster , 2006
Subjects:

MARC

LEADER 00000cam a2200000 7i4500
001 0000010152
005 20220105104032.0
008 071119
020 |a 1416917187 
090 0 0 |a JP   |b EDU ENG (7281) 
100 1 |a Carey, Robert Craig 
245 1 0 |a Sudoku puzzles :   |b #1   |c Craig Robert Carey 
260 |a London :   |b Simon and Schuster ,   |c 2006 
500 |a Children age 4-6 years old (yellow) 
650 0 |a Education,Preschool   |x Activity programs 
999 |a 0000983232   |b Book   |c Children Collection   |e Perbadanan Perpustakaan Awam Johor 
999 |a 0000983233   |b Book   |c Children Collection   |e Perbadanan Perpustakaan Awam Johor 
999 |a 0000983234   |b Book   |c Children Collection   |e Perbadanan Perpustakaan Awam Johor